Smrť tvoju žijem

Bibliographic Details
Main Author: Haľamová, Maša, 1908-1995 (Author)
Other Authors: Keményová, Katarína, 1952- (Illustrator)
Format: Book
Language:Slovak
PhysicalDescription:70 s. ilustr. 16 cm
Published: Bratislava Slovenský spisovateľ 1982
Edition:2. vyd.
Series:Klenoty
Subjects:

MARC

LEADER 00000cam a2200000 a 4500
001 vtls001097392
003 SK-MaSNL
005 20260423115140.0
008 251029s1982 xo a gr 0p slo
015 |a SNBA1982/04 
020 |q (viaz.) 
035 |a SNK000040234 
040 |a SNK  |b slo  |c SNK  |e AACR2 
041 0 |a slo 
044 |a xo  |c SK 
072 7 |a 821.162.4-1  |x Slovenská poézia  |2 konspekt 
080 |a 821.162.4-1  |2 2011 
080 |a 82‑14   |2 2011 
080 |a (0:82-14)   |2 2001  
080 |a 82-1(081.1)  |2 2011 
100 1 |a Haľamová, Maša,  |d 1908-1995  |4 aut  |9 107954 
245 1 0 |a Smrť tvoju žijem  |c Maša Haľamová ; [ilustrácie Katarína Schillerová-Keményová] 
250 |a 2. vyd. 
260 |a Bratislava  |b Slovenský spisovateľ  |c 1982 
300 |a 70 s.  |b ilustr.  |c 16 cm 
366 |e 5000 kusov 
490 1 |a Klenoty  |v 26 
500 |a Ilustrácie na frontispice 
655 7 |a slovenská poézia  |2 SNKPH  |9 70444 
655 7 |a lyrická poézia  |2 SNKPH  |9 70613 
655 7 |a básnické zbierky  |2 SNKPH  |9 186372 
700 1 |a Keményová, Katarína,  |d 1952-  |4 ill  |9 164725 
830 0 |a Klenoty  |9 279029 
850 |a Slovenská národná knižnica 
852 |a Slovenská národná knižnica 
954 |a beletria pôvodná (slovenská)  |2 lita 
958 |a RK 
958 |a TL 
958 |a LX 
958 |a OND 
999 |c 792849  |d 794779 
952 |t P60, <05>, [BOOK], {605}  |a SNK  |b SNK  |y PREZ  |7 0  |p 17A0102247  |o snkSD 52645 D1  |0 0  |1 0  |4 0  |d 1997-10-15  |l 0  |r 2004-12-31 00:00:00  |w 2026-02-24